Border Fencing (Record no. 526289)

MARC details
000 -LEADER
fixed length control field 00480nam a2200181Ia 4500
008 - FIXED-LENGTH DATA ELEMENTS--GENERAL INFORMATION
fixed length control field 240822s9999 xx 000 0 und d
020 ## - INTERNATIONAL STANDARD BOOK NUMBER
ISBN 9789392360350
Paper back/Hardbound hbk
041 ## - LANGUAGE CODE
Language code of text/sound track or separate title eng
082 ## - DEWEY DECIMAL CLASSIFICATION NUMBER
Classification number 363.25
Item number ALI
100 ## - MAIN ENTRY--AUTHOR NAME
Personal name Alisher, Patrick
245 #0 - TITLE STATEMENT
Title Border Fencing
Statement of responsibility, etc / Patrick Alisher;
250 ## - EDITION STATEMENT
Edition statement 1st edition.
260 ## - PUBLICATION, DISTRIBUTION, ETC. (IMPRINT)
Name of publisher Phoenix,
Year of publication 2023.
Place of publication London:
300 ## - PHYSICAL DESCRIPTION
Number of Pages 123p. :
Dimensions 22cm.
650 ## - SUBJECT ADDED ENTRY--TOPICAL TERM
Topical Term Other social problems & services
942 ## - ADDED ENTRY ELEMENTS (KOHA)
Koha item type English Books
Holdings
Withdrawn status Lost status Damaged status Not for loan Home library Current library Shelving location Date acquired Full call number Accession Number Price effective from Koha item type
        Anna Centenary Library Anna Centenary Library 4TH FLOOR, A WING 22.08.2024 363.25 ALI 677164 22.08.2024 English Books
        Anna Centenary Library Anna Centenary Library 4TH FLOOR, A WING 22.08.2024 363.25 ALI 677165 22.08.2024 English Books
        Anna Centenary Library Anna Centenary Library CHILDREN SECTION-1ST FLOOR, B WING 04.02.2011 363.25 ALI 526289 23.10.2025 English Books

Find us on the map